Cracking the TOEIC

保存先:
書誌詳細
第一著者: Rollins, Elizabeth
フォーマット: 図書
言語:Undetermined
出版事項: Thành phố Hồ Chí Minh Trẻ
主題:
タグ: タグ追加
タグなし, このレコードへの初めてのタグを付けませんか!
Thư viện lưu trữ: Trung tâm Học liệu Trường Đại học Cần Thơ
LEADER 00587nam a2200181Ia 4500
001 CTU_75087
008 210402s9999 xx 000 0 und d
082 |a 428.0076 
082 |b R754/CD.2 
100 |a Rollins, Elizabeth 
245 0 |a Cracking the TOEIC 
245 0 |c Elizabeth Rollins; Nguyễn Văn Phước, Vũ Tài Hoa giới thiệu 
260 |a Thành phố Hồ Chí Minh 
260 |b Trẻ 
650 |a English language 
650 |x Textbooks for foreign speakers 
904 |i Mai Loan,Hải 
980 |a Trung tâm Học liệu Trường Đại học Cần Thơ